Statystyki dla Geografia quiz #64 - Miasta w województwie zachodniopomorskim

Kliknij tutaj aby rozwiązać quiz!

Ogólne statystyki

  • Ten quiz został rozwiązany 21 razy
  • Średni wynik to 6 z 7

Statystyki odpowiedzi

MiastoLiczba ludności% Poprawnych
Koszalin104 239
100%
Szczecin391 566
100%
Kołobrzeg43 678
80%
Stargard66 923
80%
Świnoujście39 368
80%
Police30 020
70%
Szczecinek37 899
65%

Rozkład punktacji

Percentyl według liczby udzielonych odpowiedzi

Procent ludzi z każdym wynikiem

Twoja historia wyników

Nie rozwiązałeś tego quizu